000 00253nam a22000977a 4500
008 160512b xxu||||| |||| 00| 0 eng d
041 _aeng
080 _a616.12
245 _aPrinciples of clinical electrocardiography:
_cMervin J. Goldman;
942 _2udc
_cBK
999 _c2134
_d2134